Strategy pure and simple II : (Record no. 18971)
[ view plain ]
| 000 -LEADER | |
|---|---|
| fixed length control field | 01049cam a2200313 a 4500 |
| 001 - CONTROL NUMBER | |
| control field | 2599597 |
| 005 - DATE AND TIME OF LATEST TRANSACTION | |
| control field | 20150212142034.0 |
| 008 - FIXED-LENGTH DATA ELEMENTS--GENERAL INFORMATION | |
| fixed length control field | 970819t1998 xxua frb 001 0 eng |
| 020 ## - INTERNATIONAL STANDARD BOOK NUMBER | |
| International Standard Book Number | 0070531331 (alk. paper) |
| 020 ## - INTERNATIONAL STANDARD BOOK NUMBER | |
| International Standard Book Number | 9780070531338 |
| 040 ## - CATALOGING SOURCE | |
| Original cataloging agency | DLC |
| Transcribing agency | DLC |
| Modifying agency | DLC |
| -- | EG-ScBUE |
| 043 ## - GEOGRAPHIC AREA CODE | |
| Geographic area code | n-us--- |
| 082 00 - DEWEY DECIMAL CLASSIFICATION NUMBER | |
| Classification number | 658.4012 |
| Edition number | 22 |
| Item number | ROB |
| 100 1# - MAIN ENTRY--PERSONAL NAME | |
| Personal name | Robert, Michel, |
| Dates associated with a name | 1941- |
| 9 (RLIN) | 37396 |
| 245 10 - TITLE STATEMENT | |
| Title | Strategy pure and simple II : |
| Remainder of title | how winning companies dominate their competitors / |
| Statement of responsibility, etc | Michel Robert. |
| 246 3# - VARYING FORM OF TITLE | |
| Title proper/short title | Strategy pure and simple two |
| 246 3# - VARYING FORM OF TITLE | |
| Title proper/short title | Strategy pure and simple 2 |
| 246 18 - VARYING FORM OF TITLE | |
| Title proper/short title | Strategy pure & simple II |
| 250 ## - EDITION STATEMENT | |
| Edition statement | Rev. ed. |
| 260 ## - PUBLICATION, DISTRIBUTION, ETC. (IMPRINT) | |
| Place of publication, distribution, etc | New York, United States : |
| Name of publisher, distributor, etc | McGraw Hill, |
| Date of publication, distribution, etc | c.1998. |
| 300 ## - PHYSICAL DESCRIPTION | |
| Extent | xv, 269 p. : |
| Other physical details | ill. ; |
| Dimensions | 24 cm. |
| 500 ## - GENERAL NOTE | |
| General note | Index : p. 261-269. |
| 504 ## - BIBLIOGRAPHY, ETC. NOTE | |
| Bibliography, etc | Bibliography : p. 256-260. |
| 650 #0 - SUBJECT ADDED ENTRY--TOPICAL TERM | |
| Topical term or geographic name as entry element | Strategic planning |
| Geographic subdivision | United States |
| 9 (RLIN) | 37397 |
| 650 #0 - SUBJECT ADDED ENTRY--TOPICAL TERM | |
| Topical term or geographic name as entry element | Success in business |
| 9 (RLIN) | 36663 |
| Geographic subdivision | United States |
| 653 ## - INDEX TERM--UNCONTROLLED | |
| Resource For college | BAEPS, Business Administration |
| Arrived date list | February2015 |
| 655 ## - INDEX TERM--GENRE/FORM | |
| Form subdivision | |
| -- | 34232 |
| 942 ## - ADDED ENTRY ELEMENTS (KOHA) | |
| Source of classification or shelving scheme | Dewey Decimal Classification |
| Call number prefix | 658.4012 ROB |
| Withdrawn status | Item status | Source of classification or shelving scheme | Damaged status | Not for loan | Vendor | Home library | Current library | Shelving location | Date acquired | Source of acquisition | Cost, normal purchase price | Serial Enumeration / chronology | Total Checkouts | Full call number | Barcode | Date last seen | Cost, replacement price | Koha item type |
|---|---|---|---|---|---|---|---|---|---|---|---|---|---|---|---|---|---|---|
| Dewey Decimal Classification | Baccah | Central Library | Central Library | First floor | 12/02/2015 | 200.00 | 21291 | 658.4012 ROB | 000037400 | 15/07/2025 | 250.00 | Book - Borrowing |